000
00378nam a22001457a 4500
008
230228b |||||||| |||| 00| 0 eng d
020
_a
978-152-906-937-2
082
_a
813.54
100
_a
Maddie Mortimer
245
_a
Maps of our spectacular bodies
260
_b
Picador,
_c
2022
300
_a
437 p.
_c
23.5 cm
942
_2
ddc
999
_c
9370
_d
9371